00602cam a22002057a 4500003000500000005001700005008004100022010001000063011001000073035001000083040000900093082002000102100002600122245008600148260003700234300001900271490002800290650005000318830002800368CHAP20220329135118.0971013s1965 r 00010 d a31103 a32075 a36187 cCHAP a338.1097286bL600aLombardo, Heraclio A. 0aAnálisis de una economía agrícola dentro de la meseta central de Costa Rica aSan José, C. R. :bIICA,c1965 a116 p.b: mapa 0aSerie planeamientov; 414aAgriculturaxAspectos economicosxCosta Rica.0 aSerie planeamientov; 4